000 00724nam a22002057a 4500
005 20130814162522.0
010 _aB-504820-822
020 _a9780670086382
_c499.00
035 _aB-504820-822
037 _aKKP/VEN
082 _a383.9516092
100 _aTaraporewala, Soonoo
245 _aTiger Warrior:
_cby Soonoo Taraporewala
_bFateh singh rathore of ranthambhore/
260 _aNew Delhi
_bPenguin
_c2012
270 _a11 community centre, panchsheel park
_bNew Delhi
_e110017
300 _axxvi,230p.
_c16cm.(pbk)
_bcol,ill.
500 _ainclude index
942 _2ddc
_cEN
_mTAR
_h333.951609
999 _c78421
_d78421